000 00965nam a22003377a 4500
001 BR9100243
003 BR-BrBNA
005 20230928093457.0
007 ta
008 230509b bl.||||| |||| 00| 0 por d
040 _aBR-BrBNA
_bpor
_cBiblioteca Nacional de Agricultura
041 _a(Por)
072 _aP10; F06; E14
_b/G514
090 _ P10 BR9100243
110 1 _aSecretaria de Planejamento, Teresina, PI (Brasil)
_99052
245 1 _aPrograma de apoio ao pequeno produtor rural do Piaui. v.3 O programa. Tomo 2 Recursos hidricos
260 3 _aTeresina, PI (Brasil):
_c1984.
300 _a61 p.
500 _a10 tables
650 _aRECURSO HIDRICO
650 _aIRRIGACAO
650 _aABASTECIMENTO DE AGUA
650 _aPROJETO DE DESENVOLVIMENTO
650 _aDESENVOLVIMENTO RURAL
650 _aDIRETRIZ
650 _aCUSTO
650 _aFINANCIAMENTO
650 _aPIAUI
909 _a202309
_bLucia
_c55
_dLucia Elande
942 _cBK
999 _c45228
_d45228